LEADER 01360nam 2200397 450 001 000009030 005 20050718115300.0 010 $a88-08-06270-8 100 $a20011203d1986----km-y0itay0103----ba 101 0 $aita 102 $aIT 200 1 $aProgrammare in C$fMauro Fiorentini, Carlo Tibaldi 210 $aBologna$cZanichelli$d1986 215 $aXIV, 162 p.$d24 cm. 225 1 $aCSC$eCollana di Scienza dei Calcolatori 606 $aElaboratori elettronici$xProgrammazione$xLinguaggio C 676 $a005.133$v(20. ed.)$9Programmazione. Linguaggio C. 700 1$aFiorentini,$bMauro$0344553 701 1$aTibaldi,$bCarlo$0344554 801 0$aIT$bUniversità della Basilicata - B.I.A.$gRICA$2unimarc 912 $a000009030 996 $aProgrammare in C$977701 997 $aUNIBAS BAS $aMONSCI BAS $aMONOGR BAS $aSCIENZE CAT $aSTD006$b01$c20011203$lBAS01$h1700 CAT $aTORRE$b20$c20011204$lBAS01$h1148 CAT $aTORRE$b20$c20020212$lBAS01$h1757 CAT $c20050601$lBAS01$h1754 CAT $abatch$b01$c20050718$lBAS01$h1050 CAT $c20050718$lBAS01$h1109 CAT $c20050718$lBAS01$h1139 CAT $c20050718$lBAS01$h1153 FMT Z30 -1$lBAS01$LBAS01$mBOOK$1BASA2$APolo Tecnico-Scientifico$2DID$BDidattica$3PTS.s3.p22.23$6178$5M178$820011203$f04$FPrestabile Didattica LEADER 01341nam a2200277 i 4500 001 991001643329707536 008 060102s2001 000 0 ita d 020 $a8840810714 035 $ab13404477-39ule_inst 040 $aDip.to Ingegneria dell'Innovazione$beng 082 0 $a621.4 100 1 $aCaputo, Carmelo$07909 245 13$aGli impianti convertitori d'energia /$cCarmelo Caputo ; con la collaborazione di C. Arrighetti 260 $aMilano :$bAmbrosiana,$cc2001 300 $axii, 562 p. ;$c24 cm 440 0$aCollana di macchine 650 4$aHeat-engines 700 1 $aArrighetti, C. 907 $a.b13404477$b10-06-15$c23-05-06 912 $a991001643329707536 945 $aLE026 621.4 D CAP 01.01 V.I C.1 2001$cV.I - C.1$g1$i2026000027487$lle026$nProf. Carlucci / Biblioteca$op$pE42.00$q-$rn$s- $t1$u72$v0$w72$x0$y.i14240294$z23-05-06 945 $aLE026 621.4 D CAP 01.01 V.I C.2 2001$cV.I - C.2$g0$i2026000027517$lle026$nProf. Carlucci / Biblioteca$op$pE42.00$q-$rl$s- $t0$u108$v19$w108$x0$y.i14240300$z23-05-06 945 $aLE026 621.4 D CAP 01.01 V.I C.3 2001$cV.I - C.3$g0$i2026000027524$lle026$nProf. Carlucci / Biblioteca$op$pE42.00$q-$rn$so $t4$u5$v3$w5$x0$y.i14240312$z23-05-06 996 $aImpianti convertitori d'energia$933598 997 $aUNISALENTO 998 $ale026$b02-01-06$cm$da $e-$fita$git $h4$i0